HTML : a beginner's guide (Record no. 239019)

MARC details
000 -LEADER
fixed length control field 00386nam a2200157Ia 4500
005 - DATE AND TIME OF LATEST TRANSACTION
control field 20241212102943.0
008 - FIXED-LENGTH DATA ELEMENTS--GENERAL INFORMATION
fixed length control field 231221s9999 xx 000 0 und d
020 ## - INTERNATIONAL STANDARD BOOK NUMBER
International Standard Book Number 9780071809276
082 ## - DEWEY DECIMAL CLASSIFICATION NUMBER
Classification number 001.6424HTM WIL;1 R
100 ## - MAIN ENTRY--PERSONAL NAME
Personal name Willard, Wendy.
245 #0 - TITLE STATEMENT
Title HTML : a beginner's guide
250 ## - EDITION STATEMENT
Edition statement 5th ed.
260 ## - PUBLICATION, DISTRIBUTION, ETC. (IMPRINT)
Date of publication, distribution, etc. 2013
Name of publisher, distributor, etc. TMH
Place of publication, distribution, etc. New York
300 ## - PHYSICAL DESCRIPTION
Extent xxii, 488
942 ## - ADDED ENTRY ELEMENTS (KOHA)
Koha item type Arch Books
Holdings
Date last seen Total Checkouts Full call number Accession number Cost, replacement price Price effective from Category Lost status Source of classification or shelving scheme Damaged status Department Withdrawn status bill no. Permanent Location Current Location Shelving location Entry date Vendor Cost, normal purchase price Grants Currency symbol Conversion rate Discount Discount type
26/01/2024   001.6424HTM WIL;1 R AR1263 2607.39 26/01/2024 Arch Books   Dewey Decimal Classification       142 Architecture Library Architecture Library ARCH 26/08/2021 Surya Book Supplier 37.00 Design USD 78.3 10 Percentage

© For any Suggestions or Query, please contact the library staff @ librarian@pes.edu or Phone: +9180 2672 1983/ 2108.